000 00978nam a22002657a 4500
001 10116
003 FISKH
005 20260421111217.0
008 260421b cb ||||| |||| 00| 0 eng d
020 _a9798176934137
040 _aFISKH
_beng
_cFISKH
_dFISKH
050 _aPZ7
082 _a823
100 _aAnonymous
_eAuthor
245 _aThe lazy hedgehog /
260 _aNew Delhi :
_bKIDDZ BOOKZ ,
_c2007
300 _a16 pages :
_bcolor illustrations ;
_c30 cm
505 _aG
520 _aThe stories in this series, "Forest of Happiness" are based on animals and their friends. Each story takes children deep into "Forest of Happiness", where they learn about values, relationships, and good habits. These beautiful illustrated stories definitely promise to be a favourite collection of every child.
521 8 _a400
_bLexile estimate
521 8 _aG
_bRaz-Plus
650 _aChildren's stories
_vAnimals
942 _2ddc
_cBK
_n0
999 _c10116
_d10116